000 00444nam a2200193Ia 4500
003 0100
008 130303s9999 xx 000 0 und d
040 _cARRUPELIB
050 _aB3148.S395 1980
245 _aSchopenhauer
245 _bhis philosophical achievement
260 _aSussex
260 _bThe Harvester Press
260 _C1980
300 _a276p.
300 _b 23 cm
700 _aFox, Michael (ed.)
942 _2lcc
_01
999 _c62559
_d62559